| 000 | 01097cam a22003493a 4500 | ||
|---|---|---|---|
| 001 | 110 | ||
| 003 | PGUSA | ||
| 005 | 20140828082944.0 | ||
| 008 | 940201s1994||||xxu|||||s|||||000 1 eng d | ||
| 040 |
_aPGUSA _beng |
||
| 042 | _adc | ||
| 050 | 4 | _aPR | |
| 100 | 1 |
_aHardy, Thomas, _d1840-1928 |
|
| 245 | 1 | 0 |
_aTess of the d'Urbervilles : _bA Pure Woman _h[electronic resource] / _cThomas Hardy |
| 260 |
_bProject Gutenberg, _c1994 |
||
| 506 | _aPublic domain in the USA. | ||
| 516 | _aElectronic text | ||
| 653 | _aWessex (England) -- Fiction | ||
| 653 | _aChildren of clergy -- Fiction | ||
| 653 | _aPoor families -- Fiction | ||
| 653 | _aTriangles (Interpersonal relations) -- Fiction | ||
| 653 | _aPastoral fiction | ||
| 653 | _aWomen household employees -- Fiction | ||
| 653 | _aChildren of the rich -- Fiction | ||
| 653 | _aRape victims -- Fiction | ||
| 653 | _aMan-woman relationships -- Fiction | ||
| 653 | _aWomen murderers -- Fiction | ||
| 653 | _aDidactic fiction | ||
| 830 | 0 |
_aProject Gutenberg _v110 |
|
| 856 | 4 | 0 | _uhttp://www.gutenberg.org/ebooks/110 |
| 942 | _cEB | ||
| 999 |
_c229481 _d229481 |
||